000 00457nam a2200169 i 4500
001 21335
003 ES-MaACL
005 20230906152448.0
007 t|
008 021125s1968 sp ||||1| spa d
100 1 _aAlberdi, Ricardo.
_919274
245 1 4 _aLos regímenes políticos /
_cRicardo Alberdi.
260 _a[Irún] :
_bEthos,
_c[1968]
300 _a32 p. ;
_c32 cm.
500 _aEjemplar multicopista.
852 _aES-MaACL
_j2063-F-14
_bR.66200
999 _c21335
_d21335